[Event "RUS-ch qual 57th"]
[Site "Tomsk"]
[Date "2004.05.24"]
[Round "2"]
[White "Khismatullin, Denis Rimovich"]
[Black "Timofeev, Artyom"]
[Result "0-1"]
[WhiteElo "2537"]
[BlackElo "2591"]
[Annotator "Ftacnik,L"]
[PlyCount "106"]
[EventDate "2004.05.23"]
[EventType "swiss"]
[EventRounds "9"]
[EventCountry "RUS"]
[SourceTitle "CBM 102"]
[Source "ChessBase"]
[SourceDate "2004.09.23"]
[SourceVersion "1"]
[SourceVersionDate "2004.09.23"]
[SourceQuality "1"]

1. d4 Nf6 2. c4 g6 3. f3 d5 4. cxd5 Nxd5 5. e4 Nb6 6. Nc3 Bg7 7. Be3 O-O 8. Qd2
Nc6 9. O-O-O e5 10. d5 Nd4 11. f4 c5 12. fxe5 Bg4 13. Re1 Bxe5 14. h3 Qh4 15.
Bd3 Rac8 16. Rf1 f5 17. Bg5 Qh5 18. hxg4 Qxh1 19. exf5 Qh2 20. Nh3 (20. Qf2 Nd7
$15) 20... Qg3 21. Bf4 Bxf4 22. Rxf4 Nd7 {[%mdl 4] The whole line is rather
unclear, white sacrifices exchange in order to get attacking chances.} (22...
gxf5 23. gxf5 Nd7 24. Ne4 Qg7 25. Nhg5 c4 26. Bb1 Rxf5 27. Rxf5 Nxf5 {0-1
Laine,H-Holmsten,A/Helsinki 1997/ (67)}) 23. Ne4 Qh2 (23... Qh4 $2 24. g5 Qh5
25. Ng3 $18) 24. f6 (24. Nd6 Rb8 25. Nb5 Rbd8 $15) 24... Ne5 25. Bf1 (25. Kb1
$5 Rcd8 (25... Nxd3 26. Qxd3 Qxg2 27. Nhg5 Ne2 28. f7+ Kh8 29. Qf3 $13) 26. d6
Nxd3 27. Qxd3 Qxg2 28. Nhg5 b6 29. Qd1 $14) 25... Qh1 (25... Nf7 26. g5 $13)
26. d6 b5 (26... Nf7 27. Nhg5 Nxg5 28. Nxg5 Kh8 29. f7 h6 30. Ne4 $13) 27. b3
Nf7 28. Kb2 Rcd8 $1 {The position is very complicated for the over the board
game, chances are still pretty balanced.} (28... Rfd8 29. g3 $13) 29. Qc1 $2 (
29. g5 Nxd6 30. Nxc5 Nf7 31. Bd3 Rd5 $17) (29. g3 $5 Nxd6 30. Nxd6 Rxd6 31. Bg2
Ne6 32. Qxd6 Qxg2+ 33. Rf2 Qe4 34. Qe7 Qd4+ 35. Kc2 $11) 29... Ne6 $1 30. Rf2
Nxd6 31. Neg5 (31. Nxd6 Rxd6 32. Bxb5 Qxc1+ 33. Kxc1 g5 34. Bc4 h6 $15) 31...
Qh2 (31... Nxg5 32. Nxg5 Qh2 $17) 32. Qe3 (32. Nxe6 Qe5+ 33. Qc3 Qxe6 $19)
32... Nxg5 33. g3 (33. Nxg5 Rde8 34. Qxc5 Qe5+ 35. Qxe5 Rxe5 $19) 33... Qh1 $2
{Timofeev is missing golden chance to decide the game in his favour with 33..
Rde8! He will end up beeing much worse instead.} (33... Rde8 $1 34. Qd3 (34.
Qxe8 Qxf2+ 35. Nxf2 Rxe8 $19) (34. Qxg5 Qxg3 35. Qd5+ Nf7 $19) (34. Qxc5 Qxg3
$19) 34... Qxf2+ 35. Nxf2 Rxf6 $19) 34. Nxg5 Nf7 (34... Qb7 35. Bg2 Qd7 36.
Bd5+ $16) 35. Nxf7 Rxf7 36. Bxb5 Qd5 37. g5 (37. Bc4 Qd4+ 38. Qxd4 cxd4 39. g5
Kf8 40. Bxf7 Kxf7 41. Rc2 Rd7 42. Rc6 $18) 37... Rb7 (37... Kf8 38. Bc4 Qd4+
39. Qxd4 cxd4 40. Bxf7 Kxf7 41. Rc2 $18) 38. Qc3 $2 {Khismatullin did not
suspect, that the game is won with a neat tactical trick} (38. f7+ $1 Kg7 (
38... Kf8 39. Qe8+) (38... Rxf7 39. Bc4 $18) 39. Bc6 $1 Qxc6 40. Qe5+ Kf8 41.
Qh8+ Ke7 42. f8=Q+ Rxf8 43. Qxf8+ $18) 38... Kf8 (38... Qxg5 $2 39. f7+ Rxf7
40. Bc4 Rd5 41. Rxf7 Kxf7 42. Qa5 $11) 39. Bc4 (39. f7 Qd4 40. Qxd4 cxd4 $17)
39... Qd4 40. Re2 Rbd7 41. Re5 Qf2+ 42. Ka3 (42. Re2 Rd2+ 43. Ka3 Rxe2 44. Bxe2
Qd4 (44... Qxe2 45. Qxc5+ Ke8 (45... Kg8 46. Qxa7 $18) 46. Qc6+ Kf8 47. Qc5+
$11) 45. Qa5 Qb4+ 46. Qxb4 cxb4+ 47. Kxb4 Rd5 $19) 42... Rd2 {Black is in the
driving seat again, white is probably lost.} 43. Ka4 (43. Qa1 Rc2 44. Re7 Rxc4
45. bxc4 Qf3+ 46. Ka4 Rb8 $19) (43. b4 Rc2 44. Qb3 Rxc4 45. Qxc4 Qxg3+ 46. Ka4
Qxe5 $19) 43... Rxa2+ 44. Kb5 Qg2 45. Re7 Rb8+ 46. Kxc5 Rc8+ 47. Kd4 (47. Kb4
a5+ 48. Kb5 Qc6#) 47... Rd2+ 48. Ke3 (48. Ke5 Rc5+ 49. Kf4 Rf5+ 50. Kg4 Rd4+
51. Qxd4 Qf3+ 52. Kh3 Qh1+ 53. Kg4 Qh5#) 48... Qf2+ 49. Ke4 Qf5+ 50. Ke3 Qxg5+
51. Kf3 Qf5+ 52. Ke3 Qf2+ 53. Ke4 Re2+ 0-1

[Event "Chigorin Memorial 07th"]
[Site "St Petersburg"]
[Date "1999.11.03"]
[Round "2"]
[White "Eliseev, Alexey"]
[Black "Polovodin, Igor A"]
[Result "0-1"]
[WhiteElo "2327"]
[BlackElo "2463"]
[Annotator "Ftacnik,L"]
[PlyCount "52"]
[EventDate "1999.11.02"]
[EventType "swiss"]
[EventRounds "9"]
[EventCountry "RUS"]
[SourceTitle "CBM 074"]
[Source "ChessBase"]
[SourceDate "2000.02.01"]
[SourceVersion "1"]
[SourceVersionDate "2000.02.01"]
[SourceQuality "1"]

1. d4 Nf6 2. c4 g6 3. f3 d5 4. cxd5 Nxd5 5. e4 Nb6 6. a4 a5 7. Nc3 Bg7 8. Be3
O-O 9. Qd2 (9. f4 f5 (9... Nc6 10. Nb5 (10. d5 Nb4 11. Be2 e6 12. Bxb6 cxb6 13.
d6 e5 14. Bb5 Be6 15. Nf3 exf4 16. O-O g5 17. h3 h5 18. Nh2 Rc8 19. Qxh5 {
1-0 Czerniak,M-Joppen,E/Belgrade/1954/ (30)}) 10... Nb4 11. Rc1 c6 12. Na3 f5
13. e5 Be6 14. h4 Qd5 15. Nc4 Qe4 16. Kf2 Nxc4 17. Rxc4 Bxc4 18. Bxc4+ Kh8 {
0-1 Jauregui Andrade,C-Sanguineti,J/Mar del Plata/ 1954/ (35)}) 10. e5 Be6 11.
Nf3 Nc6 12. Bb5 Nb4 13. O-O c6 14. Be2 Bh6 15. g3 Qe8 16. h4 Qf7 17. Nd2 Rad8
18. Qc1 Nc4 19. Nxc4 Bxc4 20. Bxc4 Qxc4 21. Rd1 e6 {1/2-1/2 Sliwa,B-Witkowski,
S/Warszawa/1957/ (47)}) (9. Rc1 c6 (9... Na6 10. b3 e5 11. d5 Bh6 12. Bxh6 Qh4+
13. g3 Qxh6 14. Bxa6 bxa6 15. Nce2 Ra7 16. Qd2 Qxd2+ 17. Kxd2 f5 {0-1 Paillard,
D-Pribyl,J/Liechtenstein/1996/ (38)}) (9... e6 10. b3 f5 11. e5 Nc6 12. Bc4 Nb4
13. Nge2 c6 14. O-O h6 15. Qd2 Kh7 16. Kh1 Qe8 17. g4 Bd7 18. Rg1 N6d5 19. gxf5
Rxf5 20. Rg3 Qf8 21. Rcg1 Rxf3 22. Rxg6 {1-0 Levtchouk,G-Spraggett,G/Quebec/
1986/ (38)}) 10. b3 (10. h4 Be6 11. h5 Nc4 12. Bxc4 Bxc4 13. Nce2 Bxe2 14. Nxe2
Qb6 15. hxg6 hxg6 16. Kf2 Rd8 17. Qg1 Nd7 18. Qh2 Nf8 19. Rcd1 {1-0 Raicevic,
V-Sibarevic,M/Banja Luka/1987/ (74)}) 10... Na6 11. Bxa6 Rxa6 12. Nge2 e5 (
12... Qd6 13. O-O Rd8 14. Kh1 Na8 15. Qc2 Nc7 16. Rfd1 Qd7 17. d5 cxd5 18. Nxd5
Nxd5 19. Rxd5 Qe8 20. Rxd8 {1-0 Valero Perez,F-Catala Alos,J/Pref/1992/ (20)})
13. d5 (13. O-O Be6 14. Rb1 Qe7 15. Qc2 exd4 16. Nxd4 Bc8 17. Qf2 Nd7 18. h3
Re8 19. Rfe1 Qb4 20. Nce2 Ra8 21. Rbd1 Qe7 {1/2-1/2 Raicevic,V-Popovic,P/Igalo/
1994/ (21)}) 13... cxd5 14. Bxb6 Rxb6 15. Nxd5 Rc6 16. Rc4 {1/2-1/2 Benitah,
Y-Zollbrecht,J/Biel/1998/ (16)}) (9. d5 Na6 10. Bxb6 cxb6 11. Bb5 f5 12. Qd2
Nc5 13. Qc2 e6 14. O-O-O Qg5+ 15. Kb1 Bxc3 16. bxc3 fxe4 17. d6 Bd7 18. Bxd7
Nxd7 19. fxe4 Rac8 20. Nf3 Qe3 21. Kb2 b5 22. Rhe1 {1/2-1/2 Riipinen,J-Ebeling,
M/Kuopio/1992/ (22)}) 9... Nc6 10. Nb5 $6 (10. Rd1 Nb4 $13) 10... Nb4 11. d5 c6
$1 {Excellent prove, that white has overexposed himself. His pieces are not
developed and the knight b4 is quite active.} 12. dxc6 (12. d6 $6 cxb5 13. dxe7
Qxe7 14. Bxb6 Qf6 15. Be3 Qxb2 $17) (12. Nc3 cxd5 13. Bxb6 Qxb6 14. exd5 Bf5
$19) 12... bxc6 13. Qxd8 (13. Nc3 Be6 14. Rd1 Qxd2+ 15. Rxd2 Nc4 16. Bxc4 Bxc4
$17) 13... Rxd8 14. Bxb6 Nc2+ $1 {The real point of the combination, black a
pawn will be free to run.} (14... Rd7 15. Rc1 Bh6 16. Rb1 cxb5 17. Bxb5 Rb7 18.
Bf2 Bd7 $11) 15. Ke2 Nxa1 16. Bxd8 cxb5 17. Kf2 (17. axb5 Bd7 18. Bxe7 Bxb5+
19. Kf2 Bd4+ 20. Kg3 Bxf1 21. Nh3 Bxg2 22. Rxa1 Bxh3 23. Kxh3 Bxb2 $19) 17...
bxa4 18. Bxe7 Bxb2 $19 {White pieces on the kingside are still on their
initial squares.} 19. Nh3 Be6 20. Nf4 (20. Bb5 a3 (20... Bb3 $19) 21. Bxa3 Bxa3
22. Rxa1 Bb2 23. Rb1 Bd4+ 24. Ke2 a4 25. Bc6 Ra7 $19) 20... Bb3 21. Bd3 a3 22.
Nd5 (22. Bxa3 Bxa3 23. Rxa1 Bd6 24. Ke3 a4 $19) 22... a4 23. h4 (23. Bxa3 Bxa3
24. Rxa1 Bb2 25. Rb1 a3 $19) 23... Nc2 24. h5 g5 (24... a2 25. Bxc2 Bxc2 26.
Bf6 Bxf6 27. Nxf6+ Kg7 $19) 25. h6 a2 26. Bxc2 a1=Q (26... a1=Q 27. Rxa1 Bxa1
28. Bd3 a3 $19) 0-1

[Event "Linares Anibal op 08th"]
[Site "Linares"]
[Date "2001.01.11"]
[Round "4"]
[White "Golod, Vitali"]
[Black "Herrera, Irisberto"]
[Result "1/2-1/2"]
[WhiteElo "2591"]
[BlackElo "2404"]
[Annotator "Golod,V"]
[PlyCount "131"]
[EventDate "2001.01.08"]
[EventType "swiss"]
[EventRounds "11"]
[EventCountry "ESP"]
[SourceTitle "CBM 081"]
[Source "ChessBase"]
[SourceDate "2001.03.20"]
[SourceVersion "1"]
[SourceVersionDate "2001.03.20"]
[SourceQuality "1"]

1. d4 Nf6 2. c4 g6 3. f3 d5 (3... c5 {Transfer to variant Zemish of
Kingsindian defence.}) 4. cxd5 Nxd5 5. e4 Nb6 6. Nc3 Bg7 7. Be3 O-O 8. Qd2 Nc6
$5 ({Another lines is:} 8... e5 $5 {See comments to Kramnik,V-Shirov,A/Cazorla,
1998/CBM 65 (1-0)(Stohl,I)(48)}) 9. O-O-O f5 $5 {[%mdl 4] This interesting
idea was made by my contender because of ignorance of the basic line:9...e5.}
10. h4 $5 {After 20 minute meditations I have chosen this tempting
continuation.} (10. exf5 $143 Bxf5 11. g4 Be6 12. h4 (12. d5 $6 Bxc3 13. Qxc3
Nxd5 $15) 12... Bc4 $1 $13 (12... Nd5 $6 13. h5 Nxe3 14. Qxe3 $40)) ({Dubious:
} 10. e5 Nb4 11. h4 Be6 12. Kb1 N4d5 $36) ({and} 10. d5 Ne5 11. Bd4 fxe4 12.
fxe4 e6 $15) 10... fxe4 ({Badly:} 10... e5 $2 {in view of:} 11. d5 Nd4 12. h5
f4 13. Bf2 c6 14. hxg6 hxg6 15. Nge2 $16 {Conquest,S-Hoffmann,M/Fuerth,1999 
(1-0)(47)}) 11. h5 ({After:} 11. fxe4 $2 {white remain without pawn:} Nxd4 $5 (
11... Bxd4 $5 {[%csl Rf1]} 12. Nf3 (12. h5 $4 Rxf1 $1 13. Rxf1 Nc4 $19 {
[%csl Re3]}) 12... Bg7 13. Qc2 Qe8 $15) 12. Nf3 e5 13. h5 Bg4 $15) 11... gxh5
$1 $146 {[%mdl 8]} ({Was checked in the previous game:} 11... exf3 $2 12. hxg6
hxg6 13. Nxf3 $40 Qd6 14. Bh6 Bf5 15. Bxg7 Kxg7 16. d5 Ne5 17. Qh6+ Kf6 18.
Qh4+ Kg7 19. Qh7+ Kf6 20. Qh4+ Kg7 21. Qh6+ Kf6 22. Qg5+ Kg7 23. Nxe5 Qxe5 24.
g4 $18 {Ward,C-Liss,E/Isle of Man,1997 (1-0)(43)}) 12. Rxh5 ({Pretty dubious:} 
12. fxe4 {because of:} Nxd4 {[%csl Rf1]} (12... Bxd4 $143 13. Nf3 $44)) 12...
Bf5 13. Rg5 $5 $13 (13. fxe4 $2 Bg4 {[%csl Rd1,Rh5]}) 13... Bg6 14. Be2 {
It is necessary at last to withdraw the bishop from a point "f1".} (14. fxe4 $2
Nxd4 {[%csl Rf1]}) (14. d5 $6 Ne5 $36 {[%csl Rc4][%cal Gb6c4]}) 14... e5 $1 15.
d5 exf3 (15... Nd4 $143 16. fxe4 c6 17. Nf3 $36) 16. Nxf3 Nd4 (16... Na5 $5 $13
{[%cal Ga5c4]}) 17. Bd3 Nf5 $1 {Irisberto Hererra very strongly will carry out
this part of a game.} 18. Bc5 Rf7 19. g4 $2 ({Can be recommended:} 19. Rh1 $5
Nd7 20. Ba3 $13) 19... Nd6 $1 $17 {My attack has gone to impasse of,a pieces
hang,rook on "g5" has got confused.} (19... Nd4 $2 20. Nxe5 Rf2 (20... Bxe5 $2
21. Bxg6 hxg6 22. Rxg6+ Rg7 23. Rxg7+ Bxg7 24. Bxd4 $16) 21. Qe3 $13) 20. Bxd6
(20. Bxg6 $143 hxg6 $19 {[%csl Yf3,Rg5][%cal Yf3g5,Gf7f3,Gd8g5]}) 20... cxd6 $2
{[%mdl 8192]} ({Probably,immediately won:} 20... Rxf3 $1 21. Bxg6 hxg6 22. Rxg6
cxd6 23. Qh6 Qf8 {[%cal Gf8f4]} 24. Kb1 Rf6 $19) 21. Bf5 Kf8 $6 (21... Nc4 $5
$36) 22. Rxg6 $1 {[%mdl 64]} hxg6 23. Ng5 {[%csl Rd8,Rf7,Rf8,Gg5][%cal Gg5f7,
Gg5e6]} Nc4 24. Ne6+ $2 $138 {In a condition of sharp shortage of time I admit
a decisive mistake.} ({It was necessary:} 24. Nxf7 $1 Nxd2 25. Nxd8 Rxd8 26.
Bxg6 Nf3 (26... Nc4 $2 27. Rf1+ Kg8 28. Bf7+ $16) 27. Rf1 Bh6+ 28. Kd1 Kg7 $11
{[%csl Rg6]}) 24... Ke7 ({Very badly:} 24... Kg8 $4 {in view of:} 25. Nxd8 $1 (
25. Qh2 $2 {[%csl Rg8][%cal Gd1h1]} Qb6 (25... gxf5 $4 26. Rh1 Bh6+ 27. Qxh6
Qf6 28. Qh5 $40) 26. Rh1 Qxb2+ 27. Qxb2 Nxb2 28. Bxg6 Rf2 29. Ne4 Nd3+ 30. Kb1
$13) 25... Nxd2 26. Nxf7 gxf5 27. Nxd6 $18 {[%csl Rd2,Rf5]}) 25. Qe2 $2 (25.
Nxd8 $142 Nxd2 26. Nxf7 gxf5 27. Kxd2 fxg4 (27... Kxf7 28. gxf5 Rh8 $13) 28.
Ne4 $15) 25... Qb6 ({Strongly enough:} 25... Bh6+ 26. Kb1 $140 Na3+ $1 27. bxa3
Qb6+ $19 {[%cal Gg6f5]}) 26. Bxg6 $4 $138 ({More stubborn resistance after:} 
26. Qxc4 $5 gxf5 27. gxf5 $17) 26... Rf2 $19 {[%csl Rb2] Here I wanted to
surrender,but one minute prior to fall of a flag has found a move which at
once does not lose:} 27. Na4 (27. Rf1 $2 Rxf1+ (27... Rxe2 $4 28. Rf7+ Ke8 29.
Rxg7#) 28. Qxf1 Qxb2+ 29. Kd1 Qd2#) 27... Rxe2 28. Nxb6 Nxb6 $138 {From this
moment and till 48 moves of white,game passed in a condition of sharp lack of
time.} (28... axb6 $5 29. Bd3 Bh6+ 30. g5 Bxg5+ 31. Nxg5 Rg2 $19) 29. Nxg7 Kf6
30. Bd3 Rc8+ 31. Kb1 Rf2 32. Nh5+ Kg5 33. Ng3 Rf4 (33... Kxg4 $5 34. Ne4 Rh2
35. Nxd6 Rd8 $19) 34. Ne4+ Rxe4 $2 {It is possible to explain this course only
by zeitnot.} 35. Bxe4 Kxg4 36. Rf1 Rc4 37. Bf5+ Kg5 38. Be6 Rd4 (38... e4 $5)
39. Rf7 Nxd5 $6 ({Again it deserves attention:} 39... e4 $5) 40. Rxb7 Ne3 {
[%csl Rb1][%cal Gd4d1]} 41. a3 Rd1+ 42. Ka2 e4 $2 (42... a5 $142 43. Ra7 e4 44.
Rxa5+ d5 $17) 43. Rxa7 Kf4 44. Bb3 $1 {Differently bishop after 44...d5 will
appear "outside of game".} Rd2 45. Rf7+ Ke5 46. a4 Nd5 47. a5 e3 48. Bxd5 $8
Rxd5 49. b4 Kd4 50. Rf1 $1 {It is much stronger,than:} (50. a6 $6 e2 51. a7 (
51. Re7 $143 Re5 52. Rxe5 dxe5 53. a7 e1=Q 54. a8=Q Qxb4 $17) 51... e1=Q 52.
a8=Q Qe6 $1 $36 {[%csl Ra2,Ge6]}) 50... Kc4 51. a6 Kxb4 52. Re1 {[%csl Re3]}
Rd2+ (52... Ra5+ 53. Kb2 Rxa6 54. Rxe3 $11) 53. Ka1 $1 ({Wrongly:} 53. Kb1 $2
e2 54. a7 Kb3 {[%cal Gd2d1]} 55. Kc1 $8 Rc2+ 56. Kb1 Ra2 57. a8=Q (57. Rxe2 $4
Rxe2 58. a8=Q Re1#) (57. Kc1 $2 Rxa7 58. Kd2 (58. Rxe2 $2 Ra1+ 59. Kd2 Ra2+ 60.
Ke3 Rxe2+ 61. Kxe2 Kc2 $19) 58... Re7 $17) 57... Rxa8 58. Rxe2 Kc3 {with some
odds for win.}) 53... e2 54. a7 Rd1+ $8 {The rest loses:} (54... Kb3 $4 55.
Rb1+) (54... Ka3 $4 55. a8=Q+) 55. Kb2 Rxe1 56. a8=Q Rb1+ 57. Kxb1 e1=Q+ 58.
Kc2 $11 {_|_Q/Q+P As my king is in front pawn"d6",that there are no problems
from a drawn game.} Qe2+ 59. Kc1 Qc4+ 60. Kd2 Qd4+ 61. Ke2 d5 62. Qb8+ Kc3 63.
Qg3+ Kc2 64. Qg6+ Kc3 (64... Kb2 65. Qd3 $11) 65. Qg3+ Kc4 66. Qc7+ 1/2-1/2

[Event "Linares Anibal op 08th"]
[Site "Linares"]
[Date "2001.01.15"]
[Round "8"]
[White "Golod, Vitali"]
[Black "Vokarev, Sergey"]
[Result "1-0"]
[WhiteElo "2591"]
[BlackElo "2492"]
[Annotator "Golod,V"]
[PlyCount "83"]
[EventDate "2001.01.08"]
[EventType "swiss"]
[EventRounds "11"]
[EventCountry "ESP"]
[SourceTitle "CBM 081"]
[Source "ChessBase"]
[SourceDate "2001.03.20"]
[SourceVersion "1"]
[SourceVersionDate "2001.03.20"]
[SourceQuality "1"]

1. d4 Nf6 2. c4 g6 3. f3 d5 (3... c5 {Transfer to variant Zemish of
Kingsindian defence.}) 4. cxd5 Nxd5 5. e4 Nb6 6. Nc3 Bg7 7. Be3 O-O 8. Qd2 Nc6
$5 ({Another possibility is:} 8... e5 $5 {See comments to Kramnik,V-Shirov,A/
Cazorla,1998/CBM 65 (1-0)(Stohl,I)(48)}) 9. O-O-O e5 $5 (9... f5 $5 {See
comments to Golod,V-Herrera,I/Linares,2001/CBM 81 (1/2-1/2)(Golod,V)(66)}) 10.
d5 Nd4 11. f4 $5 {[%mdl 4]} ({Another quieter alternative is:} 11. Nb5 $5)
11... Bg4 12. Re1 c5 (12... Qe7 $143 13. fxe5 Qxe5 14. Bf4 Qe7 15. e5 c5 16. h3
Bd7 17. Bg5 Qe8 18. Nf3 {+/=/+/- Gofshtein,L-Turov,M/Cappelle La Grande ,2000
(1-0)(37)}) 13. fxe5 ({Dubious:} 13. h3 {in view of:} exf4 14. Bxf4 Bc8 15. Nf3
Re8 16. Nxd4 cxd4 17. Nb5 f5 18. Bg5 Qd7 $13 {Lorscheid,G-Gormally,D/Cappelle
La Grande ,2000(0-1)(22)}) 13... Bxe5 14. h3 Qh4 15. Bd3 Rac8 $5 $146 ({
Was checked in the previous game:} 15... Rfe8 16. Rf1 Bd7 17. Nf3 Nxf3 18. gxf3
Qe7 19. Bg5 f6 20. Bh6 $14 {[%cal Gf3f4] Postny,E-Lorscheid,G/Budapest,2000
(1-0) (45)}) 16. Kb1 {[%csl Rc1][%cal Yc1b1]} Rfe8 $6 ({It deserves attention:
} 16... f5 $13) 17. Rf1 c4 $2 {[%mdl 8192] This move is connected to the
elementary tactical miscalculation.} ({Can be recommended:} 17... Bh5 $5 18.
Nf3 Nxf3 19. gxf3 $14) ({or} 17... f5 $5 18. Bg5 Qh5 19. hxg4 Qxh1 20. Nh3 Qh2
21. gxf5 $36) 18. Bxd4 $1 $16 ({Other order of moves conducts to a defeat:} 18.
hxg4 $4 Qxh1 19. Bxd4 cxd3 $1 $19) 18... Bxd4 ({Even worse:} 18... cxd3 {
because of:} 19. Bxe5 $1 (19. Qxd3 $5 $16) 19... Nc4 (19... Rxe5 20. Qf4 $18 {
[%csl Re5,Rf7,Rg4]}) 20. Qf4 Nxe5 21. Nf3 $1 $18) 19. hxg4 Qxh1 20. Nf3 {
[%csl Rh1]} Bxc3 ({After:} 20... Qxf1+ 21. Bxf1 Bxc3 {I have an additional
opportunity:} 22. Qxc3) 21. bxc3 Qxf1+ 22. Bxf1 Rxe4 {Here I have thought over
for 25 minutes and has found the correct order of moves to not give black a
counterplay.} 23. d6 Rd8 24. Be2 $5 ({Also good enough:} 24. g5 $5 Re6 25. Qf4
Rexd6 (25... Rdxd6 26. Bxc4) 26. Ne5 $18) 24... Re6 ({A little better is:} 
24... Rxg4 25. Ng5 $1 (25. Ne5 $2 Re4 26. Ng4 Re6 $132 {[%csl Rd6]}) 25... Rxg2
26. Qf4 Rd7 27. Bf3 Rg1+ (27... Rf2 28. Ne4 Nd5 29. Qe5 Rxf3 30. Qe8+ Kg7 31.
Qxd7 $18) 28. Kc2 Nc8 29. Ne4 Rd8 30. Qf6 $1 Rd7 $140 31. Qd4 $18 {[%csl Rf6,
Rg1][%cal Ge4f6]}) 25. Ng5 Rdxd6 (25... Rexd6 $143 26. Qf4 {[%csl Rc4,Rf7]
[%cal Ge2c4]}) 26. Qf4 Rf6 $8 27. Qh2 $1 $18 {[%csl Rd6,Rf6,Rh7][%cal Gg5e4]
The outcome of a game is already predetermined. My contender finds courses
which do not lose at once.} Rd5 28. Qxh7+ Kf8 29. Ne4 Re6 30. Bf3 Na4 31. Kc1 {
The preventive game is always useful.} Rd3 32. Qh8+ Ke7 33. Qb8 {[%csl Ra7,Rb7]
} Rd7 (33... f5 $143 34. Qxb7+ Rd7 (34... Kf8 35. Qb4+ {[%csl Ra4,Rc4]}) 35.
Qb4+ Kd8 36. gxf5 gxf5 37. Qxa4 fxe4 38. Bg4 {[%csl Rd7,Re6]}) 34. Qxa7 b5 35.
Qf2 $1 {[%cal Gf2h4,Ge4c5] It is impossible to be protected from two threats
simultaneously.} Rd3 36. Qh4+ Kd7 (36... Ke8 37. Nf6+ Ke7 38. Nd5+ Kd7 39. Qh7
Re1+ 40. Kc2 $18) 37. Qg5 {[%csl Rb5]} Rb6 38. Nc5+ ({It was even easier:} 38.
Be2 {[%csl Rd3]}) 38... Nxc5 39. Qxc5 Rb8 (39... Rxc3+ $2 40. Kb2 {[%csl Rb6,
Rc3]}) 40. Qc6+ Kd8 $8 41. Qf6+ {Please pay your attention to the fantastic
work of the white queen.} Kc8 42. g5 $1 {[%csl Rf7,Rg6][%cal Gf3g4]} 1-0

[Event "ISR-ch sf"]
[Site "Beersheba"]
[Date "2002.08.29"]
[Round "7"]
[White "Golod, Vitali"]
[Black "Vydeslaver, Alik"]
[Result "1-0"]
[WhiteElo "2538"]
[BlackElo "2430"]
[Annotator "Golod,V"]
[PlyCount "53"]
[EventDate "2002.08.15"]
[EventType "swiss"]
[EventRounds "9"]
[EventCountry "ISR"]
[SourceTitle "CBM 091"]
[Source "ChessBase"]
[SourceDate "2002.11.12"]
[SourceVersion "1"]
[SourceVersionDate "2002.11.12"]
[SourceQuality "1"]

1. d4 Nf6 2. c4 g6 3. f3 d5 4. cxd5 Nxd5 5. e4 Nb6 6. Nc3 Bg7 7. Be3 O-O 8. Qd2
e5 ({Is a possible continuation of the play:} 8... Nc6 $5 {You can see
comments to games: Golod,V-Herrera,I/Linares,2001/CBM81(1/2-1/2)(Golod,V)(66)
and Golod,V-Vokarev,S/Linares,2001/CBM 81(1-0)(Golod,V) (42)}) 9. d5 c6 10. h4
cxd5 (10... h5 $6 11. Rd1 $14 (11. Be2 $143 {See comments to Kramnik,V-Shirov,
A/ Cazorla,1998/CBM 65(0-1)(Stohl,I)(48)})) 11. exd5 e4 $5 {It's,already,
absolute unexpectedness move for me!} (11... N8d7 $5 {It's main line}) ({
Weakly:} 11... Na6 $2 {See comments to Golod,V-Herrera,I/Ubeda,2001/CBM 80(1-0)
(Golod,V)(22)}) 12. fxe4 f5 $5 $146 ({Was checked in the previous game:} 12...
Bg4 $5 13. Nh3 N8d7 14. Nf2 Ne5 15. Bh6 Bxh6 16. Qxh6 f5 $1 $132 {Kasimdzhanov,
R-Nijboer,F/Vlissingen,2001(1/2-1/2)(44)}) 13. h5 {During a game I thought,
that this most basic decision.Now I am not sure in it!} (13. Bd4 $5 Bxd4 14.
Qxd4 Nc6 $1 {[%csl Rd4]} 15. Qc5 (15. Qd2 $6 fxe4 $1 16. dxc6 $140 $4 Rxf1+ 17.
Kxf1 Qxd2 $19) (15. Qe3 $143 Nb4 $36) 15... Ne5 $44) 13... fxe4 14. hxg6 $140
h5 $2 {This very risky decision: to open <-> "h". It was necessary to entice
Pg6 on point "h7": 14...Qf6!~/=} ({Also pretty dubiously:} 14... hxg6 {because
of:} 15. Bd4 {[%csl Rg8]} Bxd4 16. Qxd4 Qf6 17. Qxf6 Rxf6 18. Nxe4 $16) 15. d6
$1 {[%csl Rg8] /^a2-g8. White's idea:16.Bc4+ Nxc4 17.Qd5+ Kh8 18.Qxh5+ with
mate in 2 moves.} Qf6 (15... Be6 $143 16. Nh3 Bxc3 17. bxc3 Nd5 18. Nf4 $1 $16)
16. Nge2 $1 $16 {[%csl Rh5][%cal Ge2f4,Gf4h5]} ({Much worse is:} 16. Nh3 {
in view of:} Bxh3 {[%csl Rf1]} 17. gxh3 N8d7 $44 {[%cal Gd7e5,Ge5f3]}) 16...
Be6 (16... Qxg6 17. O-O-O $1 {(Vydeslaver's idea)} (17. Nf4 $5 Qg3+ 18. Qf2
Qxf2+ 19. Kxf2 Be5 20. g3 Bxd6 21. Rxh5 $16) 17... Nc4 $140 18. Nf4 {[%csl Rc4,
Rg6]} Qf7 (18... Nxd2 $143 19. Nxg6 Rxf1 20. Ne7+ Kf7 21. Rhxf1+ $18 {[%csl
Rc8]}) 19. Bxc4 Qxc4 20. Nxh5 Bxc3 21. bxc3 Nd7 22. Bd4 {[%cal Gd2g5]} Rf5 23.
Qh6 $18 {[%csl Rg8]}) ({I use by,that it is impossible:} 16... Nc4 $4 {in view
of:} 17. Qd5+ Be6 18. Qxh5 {[%csl Rg8][%cal Gh5h7]} Re8 19. Bg5 $18) 17. Nf4
Nc4 $2 {Leads to easy losing of the game.} (17... Nc6 $142 $16) 18. Ncd5 {
[%csl Rc4,Rf6]} (18. Nfd5 $2 Qxf1+ 19. Rxf1 Rxf1+ 20. Kxf1 Nxd2+ 21. Bxd2 Nc6
$44) 18... Nxd2 19. Ne7+ $1 {This move is better,than:} (19. Nxf6+ Rxf6 20.
Kxd2 $18 {[%csl Re6,Gf1,Rg8][%cal Gf4e6]}) 19... Qxe7 (19... Kh8 $4 20. Rxh5+
Bh6 21. Rxh6+ Kg7 22. Rh7#) 20. dxe7 $18 {[%csl Rd2,Rf8] The rest is the
matter of technics.} Nxf1 21. exf8=Q+ Bxf8 22. Kxf1 {[%csl Gh1,Rh5][%cal Yf1g1]
<->h;קh5} Bc4+ 23. Kg1 Nc6 24. b3 Ba6 25. Rxh5 Bg7 26. Rd1 Ne5 27. Rh7 $1 (27.
Rd5 $6 Ng4 $140 28. Bd4 $2 (28. Rd7 $1 $18 {[%csl Rg8][%cal Gf4e6]}) 28... Rc8
$132 {[%csl Rg1][%cal Gc8c1]}) (27. Rh7 $1 {[%cal Gf4h5,Ge3d4] After this move
black resigns,because of next variant:} Nxg6 (27... Ng4 28. Rd7 Bb2 29. Nd5 $18
{[%csl Rg8][%cal Gd5e7]}) 28. Rxg7+ $1 Kxg7 29. Rd7+ Kh6 30. Nd5+ (30. Rd6 Rg8
31. Nxg6+) 30... Kh5 $140 31. Nf6+ Kh4 32. Rh7+ Kg3 33. Rh3#) 1-0